000 00651nam a2200181Ia 4500
008 151018s9999 xx 000 0 und d
082 _bRBASDV33823
_a891.463
100 _aसंजय सोनवणी
245 _aथेंबे थेंबे मृत्यू
250 _b1
260 _bपपीलॉन पब्लिशिंग हाउस पुणे
_c2001
300 _a120
600 _aसंजय सोनवणी
630 _aथेंबे थेंबे मृत्यू
700 _aसंजय सोनवणी
730 _aथेंबे थेंबे मृत्यू
942 _cBOOK
999 _c1033327
_d1033324